[Event "11th Reykjavik op"]
[Site "Reykjavik ISL"]
[Date "1984.02.18"]
[Round "4"]
[White "Gudmundsson, Elvar"]
[Black "Jonasson, Benedikt"]
[Result "1-0"]
[WhiteElo "2330"]
[BlackElo "2210"]
[EventDate "1984.02.14"]
[PlyCount "109"]

1.d4 Nf6 2.c4 e6 3.Nc3 Bb4 4.Qc2 c5 5.dxc5 Na6 6.a3 Bxc3+ 7.Qxc3 Nxc5 8.f3
d6 9.b4 Ncd7 10.e4 O-O 11.Be3 Qc7 12.Ne2 Ne5 13.Rc1 Bd7 14.c5 Bb5 15.Nd4 
Bxf1 16.Kxf1 dxc5 17.Qxc5 Qb8 18.Ke2 Rc8 19.Qxc8+ Qxc8 20.Rxc8+ Rxc8 21.
Rc1 Rxc1 22.Bxc1 Kf8 23.Nb5 a6 24.Nd6 b5 25.Bb2 Nfd7 26.Bxe5 Nxe5 27.f4 
Nc6 28.Kd3 Ke7 29.Nb7 f6 30.Kc3 e5 31.f5 Nb8 32.Nc5 Kf7 33.g4 Ke7 34.a4 
bxa4 35.Kb2 Kd6 36.Ka3 a5 37.Nb7+ Kc6 38.Nxa5+ Kb5 39.Nb7 Na6 40.Nd6+ Kc6 
41.b5+ Kxd6 42.bxa6 Kc6 43.Kxa4 Kb6 44.Kb4 Kxa6 45.Kc5 Ka5 46.g5 fxg5 47.
Kd5 h5 48.Kxe5 h4 49.Kd4 h3 50.Ke3 Kb5 51.Kf3 Kc5 52.e5 Kd5 53.e6 Kd6 54.
Kg4 g6 55.fxg6 1-0

[Event "11th Reykjavik op"]
[Site "Reykjavik ISL"]
[Date "1984.02.18"]
[Round "4"]
[White "Halldorsson, Gudmundur"]
[Black "Gretarsson, Andri Ass"]
[Result "1-0"]
[WhiteElo "2260"]
[BlackElo "2225"]
[EventDate "1984.02.14"]
[PlyCount "53"]

1.e4 c5 2.Nf3 d6 3.d4 cxd4 4.Nxd4 Nf6 5.Nc3 a6 6.f4 Qc7 7.Bd3 b5 8.Nf3 
Nbd7 9.O-O Bb7 10.Qe2 e5 11.Nh4 b4 12.Na4 exf4 13.Bxf4 Qa5 14.b3 O-O-O 15.
c3 bxc3 16.Rac1 Kb8 17.Rxc3 Re8 18.Bd2 Qd8 19.Bxa6 Bxe4 20.Qb5+ Ka8 21.
Rc8+ Qxc8 22.Bxc8 Rxc8 23.Nb6+ Nxb6 24.Qxb6 Nd5 25.Qa6+ Kb8 26.Qb5+ Ka8 
27.Qa4+ 1-0

[Event "11th Reykjavik op"]
[Site "Reykjavik ISL"]
[Date "1984.02.18"]
[Round "4"]
[White "Hansson, Dan"]
[Black "Karlsson, Agust Sindri"]
[Result "1-0"]
[WhiteElo "2320"]
[BlackElo "2285"]
[EventDate "1984.02.14"]
[PlyCount "59"]

1.e4 e5 2.Nf3 Nc6 3.Bb5 a6 4.Bxc6 dxc6 5.O-O Bg4 6.h3 h5 7.d3 Qf6 8.Nbd2 
Ne7 9.Nc4 Bxf3 10.Qxf3 Qxf3 11.gxf3 Ng6 12.Be3 Bd6 13.Kg2 b5 14.Na5 c5 15.
Nb3 f5 16.Bxc5 Nh4+ 17.Kg3 f4+ 18.Kxh4 g5+ 19.Kxg5 h4 20.Kf6 Kd7 21.Bxd6 
cxd6 22.Nc5+ dxc5 23.Kxe5 Raf8 24.Kd5 Rh5+ 25.e5 Rf6 26.c3 Rg6 27.d4 c4 
28.Rg1 Rhg5 29.Rg4 Rxg4 30.fxg4 1-0

[Event "11th Reykjavik op"]
[Site "Reykjavik ISL"]
[Date "1984.02.18"]
[Round "4"]
[White "Hector, Jonny"]
[Black "Kristjansson, Bragi"]
[Result "1-0"]
[WhiteElo "2350"]
[BlackElo "2295"]
[EventDate "1984.02.14"]
[PlyCount "63"]

1.e4 e6 2.d4 d5 3.Bd3 dxe4 4.Bxe4 Nf6 5.Bf3 c5 6.Ne2 Nc6 7.Be3 cxd4 8.Nxd4
Ne5 9.O-O Be7 10.Nb5 Bd7 11.a4 a6 12.N5c3 Nxf3+ 13.Qxf3 Bc6 14.Qg3 Bd6 15.
Qh3 h5 16.f3 Qe7 17.Kh1 O-O-O 18.Bg5 Qc7 19.Qh4 Be5 20.Na3 Rd4 21.Qh3 Ng4 
22.Nab5 Bxb5 23.axb5 Nxh2 24.Rfe1 g6 25.bxa6 bxa6 26.Be3 Ng4 27.Bxd4 Bxd4 
28.Nd1 Qxc2 29.Qg3 Qd2 30.Rf1 Qd3 31.Rc1+ Kd8 32.Qd6+ 1-0

[Event "11th Reykjavik op"]
[Site "Reykjavik ISL"]
[Date "1984.02.18"]
[Round "4"]
[White "Johannesson, Larus"]
[Black "Olafsson, Fridrik"]
[Result "0-1"]
[WhiteElo "2300"]
[BlackElo "2495"]
[EventDate "1984.02.14"]
[PlyCount "86"]

1.Nf3 Nf6 2.c4 g6 3.Nc3 d6 4.g3 Bg7 5.Bg2 O-O 6.O-O c6 7.d3 Re8 8.Bd2 h6 
9.Rc1 e5 10.b4 d5 11.cxd5 cxd5 12.d4 e4 13.Ne5 a6 14.Qb3 Be6 15.Na4 Nfd7 
16.Nxd7 Bxd7 17.Nc5 Bc8 18.e3 b6 19.Na4 Be6 20.f3 f5 21.Rf2 Kh7 22.Nc3 Nc6
23.Ne2 Qd6 24.Nf4 Bg8 25.fxe4 dxe4 26.Qb1 Rad8 27.Bc3 Ne7 28.g4 Bf7 29.
gxf5 Nxf5 30.Bxe4 Nxe3 31.Nh5 Bd5 32.Bxd5 Qxd5 33.Nxg7 Re4 34.Nh5 gxh5 35.
Rf3 Re8 36.Re1 Kh8 37.Rg3 Nf5 38.Rxe4 Rxe4 39.Rf3 Rg4+ 40.Kf2 Rg2+ 41.Kxg2
Nh4+ 42.Kf2 Qxf3+ 43.Ke1 Qxc3+ 0-1

[Event "11th Reykjavik op"]
[Site "Reykjavik ISL"]
[Date "1984.02.18"]
[Round "4"]
[White "Jonsson, Bjorgvin"]
[Black "Knezevic, Milorad"]
[Result "1/2-1/2"]
[WhiteElo "2255"]
[BlackElo "2450"]
[EventDate "1984.02.14"]
[PlyCount "86"]

1.d4 f5 2.c4 Nf6 3.g3 g6 4.Bg2 Bg7 5.Nf3 O-O 6.Nc3 d6 7.O-O Nc6 8.d5 Na5 
9.Qd3 e5 10.dxe6 Bxe6 11.b3 Nc6 12.Ng5 Bd7 13.Bb2 Ne5 14.Qc2 c6 15.Rad1 
Qe7 16.Bc1 Rad8 17.Ba3 Bc8 18.Qd2 Ne8 19.Nf3 Nf7 20.Rfe1 Nf6 21.Ng5 Nxg5 
22.Qxg5 Qe5 23.Bb2 Qa5 24.Qd2 Be6 25.e4 f4 26.gxf4 Qh5 27.Qe2 Qh4 28.f5 
gxf5 29.e5 dxe5 30.Qxe5 Rde8 31.Qg3 Qh5 32.Ne2 Bc8 33.Nf4 Qg4 34.Bf3 Qxg3+
35.hxg3 Ng4 36.Bxg7 Kxg7 37.Kg2 Nf6 38.Nh5+ Nxh5 39.Bxh5 Rxe1 40.Rxe1 Kf6 
41.Re8 Rxe8 42.Bxe8 Ke5 43.Kf3 c5 1/2-1/2

[Event "11th Reykjavik op"]
[Site "Reykjavik ISL"]
[Date "1984.02.18"]
[Round "4"]
[White "McCambridge, Vincent"]
[Black "Josteinsson, Leifur"]
[Result "1/2-1/2"]
[WhiteElo "2465"]
[BlackElo "2275"]
[EventDate "1984.02.14"]
[PlyCount "142"]

1.d4 d5 2.Nf3 f5 3.c4 e6 4.g3 Nf6 5.Bg2 Be7 6.O-O O-O 7.Nc3 c6 8.b3 Ne4 9.
Bb2 Nd7 10.e3 Bf6 11.Qc2 Rb8 12.Rac1 Kh8 13.Ne2 Qe7 14.Ne5 g6 15.Nd3 Bg7 
16.f3 Nef6 17.Rce1 b6 18.cxd5 exd5 19.Qc1 Re8 20.Nc3 Ba6 21.Qd2 Rbc8 22.
Rf2 Bxd3 23.Qxd3 Qd6 24.Rc1 Bh6 25.Re2 Rcd8 26.Nd1 Nb8 27.Nf2 Bg7 28.Qc2 
Re7 29.Nd3 Nfd7 30.b4 b5 31.a4 a6 32.a5 Rde8 33.Qd2 Bh6 34.Ne5 Nxe5 35.
dxe5 Qe6 36.Qd4 Bg7 37.f4 Rd7 38.Rec2 Red8 39.h4 h5 40.Qb6 Rc8 41.Qd4 Rcd8
42.Qd2 Kh7 43.Bd4 Rg8 44.Bb6 Bf8 45.Qd4 Rgg7 46.Kh2 Rgf7 47.Bf3 Rg7 48.Kg2
Rgf7 49.Kf2 Rg7 50.Rc3 Rgf7 51.R1c2 Rg7 52.Ke2 Rgf7 53.Bc5 Bxc5 54.Qxc5 
Rfe7 55.Qb6 Rb7 56.Qc5 Rbd7 57.Qb6 Rb7 58.Qd8 Re8 59.Qf6 Qxf6 60.exf6 Rf7 
61.Rxc6 Nxc6 62.Rxc6 d4 63.Bd5 Rxe3+ 64.Kd2 Rf8 65.Rxa6 Rxg3 66.Rb6 Ra3 
67.f7 Kg7 68.Rxb5 Rd8 69.Bc4 Rc8 70.Be6 Rcc3 71.Rb8 Rd3+ 1/2-1/2

[Event "11th Reykjavik op"]
[Site "Reykjavik ISL"]
[Date "1984.02.18"]
[Round "4"]
[White "Meyer, Holger"]
[Black "Gutman, Lev"]
[Result "1-0"]
[WhiteElo "2305"]
[BlackElo "2480"]
[EventDate "1984.02.14"]
[PlyCount "80"]

1.d4 Nf6 2.c4 g6 3.Nc3 d5 4.Nf3 Bg7 5.cxd5 Nxd5 6.e4 Nb6 7.h3 O-O 8.Be2 a5
9.Be3 c6 10.O-O Be6 11.b3 a4 12.Nxa4 Nxa4 13.bxa4 Qa5 14.Rb1 Bc8 15.Bc4 
Nd7 16.Ng5 Qxa4 17.Bb3 Qa6 18.Qf3 e6 19.Qg3 h6 20.Nxe6 fxe6 21.Bxh6 Kh7 
22.Be3 c5 23.dxc5 Qc6 24.Rbc1 Nf6 25.e5 Nh5 26.Qh4 Bxe5 27.Bc2 Rf5 28.Bxf5
exf5 29.Qe7+ Bg7 30.Rfe1 Qd7 31.Bg5 f4 32.c6 bxc6 33.Qxd7 Bxd7 34.Re7 Ra5 
35.h4 Rd5 36.Rb1 Bf5 37.Rbb7 f3 38.g4 Bxg4 39.Bf6 Nxf6 40.Rxg7+ Kh6 1-0

[Event "11th Reykjavik op"]
[Site "Reykjavik ISL"]
[Date "1984.02.18"]
[Round "4"]
[White "Nykopp, Jan-Michael"]
[Black "Thorhallsson, Throestur"]
[Result "0-1"]
[WhiteElo "2300"]
[BlackElo "2315"]
[EventDate "1984.02.14"]
[PlyCount "96"]

1.e4 e5 2.Nf3 Nc6 3.Bb5 a6 4.Ba4 Nf6 5.Nc3 b5 6.Bb3 Bc5 7.d3 h6 8.Be3 Bxe3
9.fxe3 d6 10.O-O Na5 11.Qe1 Nxb3 12.axb3 Be6 13.Nh4 g6 14.d4 O-O 15.dxe5 
dxe5 16.Rd1 Qe7 17.Nf3 Nd7 18.Qg3 Qc5 19.Nh4 Kh7 20.Rf2 c6 21.Rfd2 Nf6 22.
h3 a5 23.Qf3 Qe7 24.Rd6 Ne8 25.Rxe6 Qxe6 26.Qg3 Nd6 27.Nf3 Rfe8 28.Rf1 b4 
29.Na4 Nxe4 30.Qh4 f5 31.Nc5 Qe7 32.Nxe4 Qxh4 33.Nxh4 fxe4 34.Rf7+ Kg8 35.
Rf6 g5 36.Nf5 Rac8 37.Rxh6 Rc7 38.g4 Rd8 39.Rg6+ Kf8 40.Kg2 Rd2+ 41.Kg3 
Rxc2 42.Rxg5 Rxb2 43.Nd6 Rxb3 44.Rf5+ Ke7 45.Nf7 Rxe3+ 46.Kh4 b3 47.Nxe5 
b2 48.Rf1 Ke6 0-1

[Event "11th Reykjavik op"]
[Site "Reykjavik ISL"]
[Date "1984.02.18"]
[Round "4"]
[White "Ornstein, Axel"]
[Black "Solmundarson, Magnus"]
[Result "1-0"]
[WhiteElo "2405"]
[BlackElo "2265"]
[EventDate "1984.02.14"]
[PlyCount "135"]

1.e4 c6 2.c4 e5 3.Nf3 d6 4.d4 Qc7 5.Nc3 Bg4 6.Be3 Nf6 7.h3 Bh5 8.Be2 Be7 
9.c5 Bxf3 10.cxd6 Bxd6 11.Bxf3 exd4 12.Bxd4 Nbd7 13.O-O O-O 14.Qc2 Bh2+ 
15.Kh1 Be5 16.Be3 Bf4 17.Rae1 Rfe8 18.g3 Bxe3 19.Rxe3 Ne5 20.Bg2 Nc4 21.
Re2 Rad8 22.b3 Na3 23.Qb2 Qa5 24.b4 Qa6 25.Rfe1 Nc4 26.b5 Qa5 27.Qb3 Rd3 
28.e5 Rxe5 29.Qxc4 Rxe2 30.Rxe2 Qxc3 31.Qxc3 Rxc3 32.Re7 cxb5 33.Rxb7 g6 
34.Rxa7 Rc1+ 35.Kh2 Rc2 36.Kg1 Rc1+ 37.Kh2 Rc2 38.Kg1 Rc1+ 39.Bf1 Ne4 40.
Kg2 Nc3 41.Rc7 b4 42.Bc4 Nxa2 43.Bxf7+ Kf8 44.Rb7 Nc3 45.Bb3 Rb1 46.Rxb4 
Kg7 47.Rb7+ Kf8 48.Rf7+ Ke8 49.Bc4 Rb4 50.Rc7 Kd8 51.Rc5 Rb2 52.Bd3 Na4 
53.Rc4 Nb6 54.Rh4 Rd2 55.Bb1 Rd7 56.Ba2 Rg7 57.Re4 Nd7 58.h4 Re7 59.Ra4 
Kc7 60.g4 Nc5 61.Rd4 Re4 62.Rxe4 Nxe4 63.g5 Kd7 64.Bg8 Ke7 65.f3 Nd6 66.
Bxh7 Kf7 67.h5 gxh5 68.Kg3 1-0

[Event "11th Reykjavik op"]
[Site "Reykjavik ISL"]
[Date "1984.02.18"]
[Round "4"]
[White "Ostermeyer, Peter"]
[Black "Zaltsman, Vitaly"]
[Result "0-1"]
[WhiteElo "2460"]
[BlackElo "2390"]
[EventDate "1984.02.14"]
[PlyCount "82"]

1.d4 d5 2.c4 dxc4 3.e3 Nf6 4.Bxc4 e6 5.Nf3 c5 6.O-O a6 7.a4 Nc6 8.Qe2 Qc7 
9.Nc3 Be7 10.Rd1 O-O 11.h3 Rd8 12.b3 Bd7 13.dxc5 Na5 14.e4 Nxc4 15.bxc4 
Bc6 16.Bg5 Bxc5 17.e5 Rxd1+ 18.Rxd1 Nd7 19.Bf4 Nf8 20.Nd4 Rd8 21.Nxc6 
Rxd1+ 22.Qxd1 Qxc6 23.Qd3 Qd7 24.Qe4 Qd4 25.Be3 Qxe4 26.Nxe4 Bxe3 27.fxe3 
Nd7 28.c5 Kf8 29.g4 Ke7 30.Kg2 Nxe5 31.Nd6 Kd7 32.Nxb7 Kc6 33.Nd6 Kxc5 34.
Ne8 g5 35.Nf6 h6 36.Ng8 Kb4 37.Nxh6 Kxa4 38.Ng8 a5 39.Nf6 Kb4 40.Ne4 a4 
41.Nxg5 a3 0-1

[Event "11th Reykjavik op"]
[Site "Reykjavik ISL"]
[Date "1984.02.18"]
[Round "4"]
[White "Petursson, Margeir"]
[Black "Lagerman, Robert"]
[Result "1-0"]
[WhiteElo "2465"]
[BlackElo "2295"]
[EventDate "1984.02.14"]
[PlyCount "73"]

1.d4 Nf6 2.c4 e6 3.Nf3 c5 4.e3 cxd4 5.exd4 d5 6.Nc3 Be7 7.cxd5 Nxd5 8.Bc4 
O-O 9.O-O Nc6 10.Re1 b6 11.Nxd5 exd5 12.Bb5 Bb7 13.Bf4 Bf6 14.Qa4 Rc8 15.
Rac1 Na5 16.b4 Nc4 17.Qxa7 Bc6 18.Bxc6 Rxc6 19.Be5 Qa8 20.Qd7 Qc8 21.Qxc8 
Rfxc8 22.b5 Re6 23.Nd2 Bxe5 24.Rxe5 Rxe5 25.dxe5 Kf8 26.f4 Ke7 27.a4 Kd7 
28.Nf3 Nb2 29.Rxc8 Kxc8 30.Ng5 Nxa4 31.Nxf7 Nc3 32.Nd6+ Kd7 33.Kf2 Ke6 34.
Ke3 h5 35.Kd3 Na4 36.Kd4 g6 37.Ne8 1-0

[Event "11th Reykjavik op"]
[Site "Reykjavik ISL"]
[Date "1984.02.18"]
[Round "4"]
[White "Petursson, Palmi"]
[Black "Bjarnason, Saevar"]
[Result "1-0"]
[WhiteElo "2370"]
[BlackElo "2375"]
[EventDate "1984.02.14"]
[PlyCount "89"]

1.e4 e5 2.Nf3 Nc6 3.Bb5 a6 4.Ba4 Nf6 5.d4 exd4 6.O-O Be7 7.Re1 b5 8.e5 Ng4
9.Bb3 h5 10.Bd5 Rb8 11.h3 Nh6 12.Nxd4 Nxd4 13.Qxd4 Nf5 14.Qd3 g6 15.Nd2 
O-O 16.b3 d6 17.Bb2 Rb6 18.Nf3 dxe5 19.Qe4 Bf6 20.Nxe5 Kg7 21.g4 hxg4 22.
hxg4 Nd6 23.Qf3 Bxe5 24.Bxe5+ f6 25.Bd4 Nf7 26.Bxb6 Ne5 27.Qe4 Bxg4 28.Bc5
Rh8 29.f4 Bf3 30.Qd4 Rh1+ 31.Kf2 Rh2+ 32.Ke3 Bxd5 33.fxe5 Qd7 34.Kd3 b4 
35.exf6+ Kg8 36.Re8+ Qxe8 37.Qxd5+ Kh7 38.Be7 c6 39.Qe6 Qb8 40.Qf7+ Kh6 
41.Qg7+ Kh5 42.Qh7+ Kg4 43.Qxg6+ Kh3 44.Qf5+ Kg2 45.Qg4+ 1-0

[Event "11th Reykjavik op"]
[Site "Reykjavik ISL"]
[Date "1984.02.18"]
[Round "4"]
[White "Ree, Hans"]
[Black "Schneider, Lars-Aake"]
[Result "1-0"]
[WhiteElo "2480"]
[BlackElo "2440"]
[EventDate "1984.02.14"]
[PlyCount "91"]

1.d4 Nf6 2.c4 e6 3.Nf3 b6 4.Nc3 Bb7 5.e3 Bb4 6.Bd3 c5 7.O-O O-O 8.Na4 cxd4
9.exd4 Be7 10.a3 d6 11.b4 Nbd7 12.Re1 a5 13.Bb2 axb4 14.axb4 b5 15.cxb5 
Nb6 16.Nd2 Nfd5 17.Qb3 Nxa4 18.Rxa4 Rxa4 19.Qxa4 Nf4 20.Bf1 Qd7 21.Nc4 Ra8
22.Na5 Bd8 23.Ra1 Bd5 24.Qd1 h6 25.Bc1 Ng6 26.Be3 Nh4 27.f3 Nf5 28.Bf2 Rc8
29.Rc1 Bb6 30.Rxc8+ Qxc8 31.Qd2 Qc7 32.g4 Ne7 33.Kg2 f5 34.h3 Qc8 35.Bg3 
Qf8 36.Be2 Ng6 37.Nc6 f4 38.Bf2 Qf6 39.Bd3 Kf7 40.Nb8 Nf8 41.Qc3 h5 42.Be2
hxg4 43.hxg4 Kg8 44.Qc8 Kh7 45.Bd3+ Kh6 46.Nd7 1-0

[Event "11th Reykjavik op"]
[Site "Reykjavik ISL"]
[Date "1984.02.18"]
[Round "4"]
[White "Shamkovich, Leonid"]
[Black "Balashov, Yury"]
[Result "1/2-1/2"]
[WhiteElo "2450"]
[BlackElo "2535"]
[EventDate "1984.02.14"]
[PlyCount "25"]

1.d4 Nf6 2.c4 e6 3.Nc3 Bb4 4.Qc2 d5 5.cxd5 exd5 6.Bg5 h6 7.Bxf6 Qxf6 8.a3 
Bxc3+ 9.Qxc3 O-O 10.Nf3 c6 11.e3 Bf5 12.Bd3 Bxd3 13.Qxd3 1/2-1/2

[Event "11th Reykjavik op"]
[Site "Reykjavik ISL"]
[Date "1984.02.18"]
[Round "4"]
[White "Sigurjonsson, Gudmundur"]
[Black "King, Daniel John"]
[Result "0-1"]
[WhiteElo "2470"]
[BlackElo "2435"]
[EventDate "1984.02.14"]
[PlyCount "114"]

1.e4 c5 2.Nf3 d6 3.d4 cxd4 4.Nxd4 Nf6 5.Nc3 a6 6.Be3 e6 7.g4 h6 8.h4 Nc6 
9.Be2 Nxd4 10.Qxd4 e5 11.Qd2 Nxg4 12.Nd5 Nxe3 13.Qxe3 Be6 14.Nb6 Rb8 15.
Bc4 Bxc4 16.Nxc4 b5 17.Nd2 Be7 18.Qg3 Bf6 19.O-O-O Qc7 20.Kb1 Rc8 21.Rc1 
Qb7 22.Qg2 a5 23.Nf1 a4 24.Ne3 a3 25.b3 h5 26.Nd5 Rh6 27.Rh3 Rg6 28.Qf3 
Rg4 29.Qd3 Bd8 30.Rch1 Rc5 31.f3 Rg6 32.Rd1 b4 33.Qd2 Rxd5 34.exd5 Qb5 35.
f4 Bf6 36.Re3 Kf8 37.Re4 exf4 38.Rxb4 Qe8 39.Re1 Be5 40.Rb7 Kg8 41.Qb4 Kh7
42.Qxa3 Qc8 43.Rxe5 dxe5 44.Qa7 Rg2 45.Rc7 Qf5 46.d6 f3 47.d7 Qf6 48.Rc8 
Rd2 49.d8=Q Rxd8 50.Rxd8 Qxd8 51.Qxf7 Qf6 52.Qxh5+ Kg8 53.Qe8+ Qf8 54.Qxe5
f2 55.Qd5+ Qf7 56.Qd8+ Kh7 57.Qd3+ Qg6 0-1

[Event "11th Reykjavik op"]
[Site "Reykjavik ISL"]
[Date "1984.02.18"]
[Round "4"]
[White "Taylor, Gordon"]
[Black "Haraldsson, Haraldur"]
[Result "1-0"]
[WhiteElo "2325"]
[BlackElo "2215"]
[EventDate "1984.02.14"]
[PlyCount "65"]

1.d4 Nf6 2.c4 e6 3.g3 c5 4.d5 exd5 5.cxd5 d6 6.Nc3 g6 7.Bg2 Bg7 8.Nf3 O-O 
9.O-O a6 10.a4 Re8 11.h3 Nbd7 12.Nd2 Rb8 13.Nc4 Ne5 14.Na3 Nh5 15.e4 c4 
16.g4 Qh4 17.gxh5 Bxh3 18.Qe2 f5 19.Qe3 Bxg2 20.Kxg2 b5 21.axb5 axb5 22.
Naxb5 Nd3 23.Rh1 Qd8 24.hxg6 f4 25.Qh3 Qg5+ 26.Kf1 h6 27.Nxd6 Re7 28.Nf5 
Reb7 29.Nxh6+ Kf8 30.Qf5+ Qxf5 31.Nxf5 f3 32.Rh3 Ne5 33.Bf4 1-0

[Event "11th Reykjavik op"]
[Site "Reykjavik ISL"]
[Date "1984.02.18"]
[Round "4"]
[White "Thorsteins, Karl"]
[Black "Lobron, Eric"]
[Result "1/2-1/2"]
[WhiteElo "2375"]
[BlackElo "2520"]
[EventDate "1984.02.14"]
[PlyCount "92"]

1.e4 c6 2.d4 d5 3.Nd2 dxe4 4.Nxe4 Bf5 5.Ng3 Bg6 6.h4 h6 7.Nf3 Nd7 8.h5 Bh7
9.Bd3 Bxd3 10.Qxd3 e6 11.Bf4 Ngf6 12.O-O-O Be7 13.Kb1 O-O 14.Ne4 Nxe4 15.
Qxe4 Nf6 16.Qe2 Qd5 17.Ne5 Qe4 18.Qxe4 Nxe4 19.Rhe1 Nf6 20.g4 Rfd8 21.Rd3 
c5 22.Red1 cxd4 23.Rxd4 Rxd4 24.Rxd4 Rd8 25.Rxd8+ Bxd8 26.c4 Bc7 27.f3 Nh7
28.b4 f6 29.Nd3 Bxf4 30.Nxf4 Ng5 31.c5 Kf7 32.b5 Ke8 33.Kb2 Kd7 34.Kc3 e5 
35.Nd5 Nxf3 36.Ne3 a6 37.a4 axb5 38.axb5 Ke6 39.Nf5 Nh2 40.Nxg7+ Kd7 41.
Nf5 Nxg4 42.Kd3 Nf2+ 43.Ke3 Nh3 44.Kf3 Ng5+ 45.Kg4 Nf7 46.Ng7 b6 1/2-1/2

[Event "11th Reykjavik op"]
[Site "Reykjavik ISL"]
[Date "1984.02.18"]
[Round "4"]
[White "Wedberg, Tom"]
[Black "Hjartarson, Johann"]
[Result "1/2-1/2"]
[WhiteElo "2495"]
[BlackElo "2415"]
[EventDate "1984.02.14"]
[PlyCount "55"]

1.e4 e5 2.Nf3 Nc6 3.Bb5 a6 4.Ba4 Nf6 5.O-O Be7 6.Bxc6 dxc6 7.d3 Nd7 8.Nbd2
O-O 9.Nc4 f6 10.Nh4 Nc5 11.Qf3 Ne6 12.Be3 g6 13.Qg3 Ng7 14.Bh6 Rf7 15.Qe3 
Be6 16.Na5 Qd6 17.Nb3 a5 18.f4 a4 19.f5 axb3 20.fxe6 Qxe6 21.axb3 Rff8 22.
Qg3 Nh5 23.Qf3 Rfd8 24.Kh1 b6 25.Nf5 Bf8 26.Be3 c5 27.Nh4 Qc6 28.Qg4 
1/2-1/2

[Event "11th Reykjavik op"]
[Site "Reykjavik ISL"]
[Date "1984.02.18"]
[Round "4"]
[White "Wesseln, Kai"]
[Black "Byrne, Robert"]
[Result "0-1"]
[WhiteElo "2350"]
[BlackElo "2520"]
[EventDate "1984.02.14"]
[PlyCount "60"]

1.d4 Nf6 2.c4 g6 3.Nc3 Bg7 4.e4 d6 5.Be2 O-O 6.Nf3 e5 7.d5 Na6 8.Bg5 h6 9.
Bh4 g5 10.Bg3 Nh5 11.Nd2 Nf4 12.O-O Nc5 13.Bg4 Nxe4 14.Ndxe4 f5 15.f3 fxg4
16.fxg4 Qe8 17.c5 Qg6 18.cxd6 cxd6 19.h3 b5 20.b4 Bd7 21.Bf2 h5 22.gxh5 
Nxh5 23.Nxd6 g4 24.Nce4 gxh3 25.g3 Bg4 26.Qd2 Bf3 27.Rac1 h2+ 28.Kxh2 Nf4 
29.Bc5 Qh5+ 30.Kg1 Nh3+ 0-1

[Event "11th Reykjavik op"]
[Site "Reykjavik ISL"]
[Date "1984.02.19"]
[Round "5"]
[White "Alburt, Lev"]
[Black "Geller, Efim"]
[Result "1/2-1/2"]
[WhiteElo "2515"]
[BlackElo "2560"]
[EventDate "1984.02.14"]
[PlyCount "47"]

1.d4 Nf6 2.c4 g6 3.Nc3 Bg7 4.e4 d6 5.Be2 O-O 6.Bg5 Nbd7 7.Qc1 e5 8.Nf3 
exd4 9.Nxd4 c6 10.Qf4 Qb6 11.O-O-O Re8 12.h4 d5 13.exd5 c5 14.Ndb5 a6 15.
Nd6 Re5 16.Bxf6 Bxf6 17.Nxc8 Rxc8 18.Bg4 Rce8 19.Na4 Qd8 20.Bxd7 Re4 21.
Qf3 Qxd7 22.Qxf6 Qxa4 23.Kb1 Qxc4 24.b3 1/2-1/2

[Event "11th Reykjavik op"]
[Site "Reykjavik ISL"]
[Date "1984.02.19"]
[Round "5"]
[White "Angantysson, Haukur"]
[Black "Sigurjonsson, Gudmundur"]
[Result "0-1"]
[WhiteElo "2395"]
[BlackElo "2470"]
[EventDate "1984.02.14"]
[PlyCount "58"]

1.e4 c5 2.Nf3 d6 3.d4 cxd4 4.Nxd4 Nf6 5.Nc3 a6 6.Bg5 e6 7.f4 Qb6 8.Nb3 Be7
9.Qf3 Nbd7 10.O-O-O Qc7 11.Bd3 b5 12.Rhe1 b4 13.Nd5 exd5 14.exd5 Kf8 15.
Qe3 Nc5 16.Nxc5 dxc5 17.Bxf6 gxf6 18.Bc4 Bd6 19.g3 Bg4 20.Rd2 Kg7 21.Qg1 
Rhe8 22.b3 Rxe1+ 23.Qxe1 Qd7 24.Qf1 Re8 25.h4 Re3 26.Qf2 Qe7 27.Bxa6 f5 
28.Bd3 Re1+ 29.Kb2 Qf6+ 0-1

[Event "11th Reykjavik op"]
[Site "Reykjavik ISL"]
[Date "1984.02.19"]
[Round "5"]
[White "Arnason, Jon"]
[Black "De Firmian, Nick"]
[Result "1/2-1/2"]
[WhiteElo "2500"]
[BlackElo "2515"]
[EventDate "1984.02.14"]
[PlyCount "93"]

1.e4 c5 2.Nf3 d6 3.d4 cxd4 4.Nxd4 Nf6 5.Nc3 a6 6.Be3 e5 7.Nf3 Qc7 8.a4 b6 
9.Bg5 Nbd7 10.Nd2 Bb7 11.Bc4 Be7 12.Qe2 h6 13.Bxf6 Nxf6 14.O-O O-O 15.Rfd1
Rfd8 16.Nf1 Rdc8 17.Ne3 Qd7 18.Ncd5 Nxd5 19.Bxd5 g6 20.Nc4 Qc7 21.Bxb7 
Qxb7 22.Nxd6 Bxd6 23.Rxd6 b5 24.axb5 Qxb5 25.Qxb5 axb5 26.Rxa8 Rxa8 27.Rd1
Ra2 28.Rb1 f5 29.Kf1 Kf7 30.Ke2 Ra4 31.exf5 gxf5 32.c3 Ke6 33.Kd3 h5 34.f3
h4 35.h3 Ra8 36.Rd1 Rg8 37.Rd2 Rc8 38.Rd1 Rg8 39.Rd2 Rc8 40.Rc2 Kd5 41.b3 
Ra8 42.c4+ bxc4+ 43.Rxc4 Ra2 44.Rc2 e4+ 45.Kc3 Ra1 46.Rd2+ Ke5 47.fxe4 
1/2-1/2

[Event "11th Reykjavik op"]
[Site "Reykjavik ISL"]
[Date "1984.02.19"]
[Round "5"]
[White "Balashov, Yury"]
[Black "Hector, Jonny"]
[Result "1-0"]
[WhiteElo "2535"]
[BlackElo "2350"]
[EventDate "1984.02.14"]
[PlyCount "105"]

1.e4 c5 2.d3 e6 3.f4 d5 4.Be2 dxe4 5.dxe4 Qxd1+ 6.Bxd1 b6 7.Bf3 Nc6 8.c3 
g6 9.Be3 Ba6 10.Nd2 Bh6 11.Be2 Bxe2 12.Kxe2 e5 13.fxe5 Bxe3 14.Kxe3 Nxe5 
15.Ngf3 Nc6 16.Nc4 O-O-O 17.Rad1 Nh6 18.Kf4 f6 19.h4 Nf7 20.g4 Rhe8 21.a4 
Rf8 22.Rhe1 Kc7 23.Rd5 Ne7 24.Rxd8 Rxd8 25.e5 g5+ 26.hxg5 Ng6+ 27.Ke4 
Nfxe5 28.Nfxe5 fxe5 29.Rf1 Rd7 30.Rf6 Re7 31.a5 bxa5 32.Nxa5 Kd7 33.Nc6 
Re6 34.Nxa7 Rxf6 35.gxf6 Ke6 36.g5 Nf4 37.Nb5 Nh3 38.Nc7+ Kd7 39.Kf5 e4 
40.Nd5 Ke8 41.b4 cxb4 42.cxb4 Nf2 43.b5 Nd3 44.Kxe4 Nc5+ 45.Ke5 Kf7 46.Kd6
Ne4+ 47.Ke5 Nxg5 48.b6 Ne6 49.Nf4 Nc5 50.Kd6 Nb7+ 51.Kc7 Na5 52.Nh5 Ke6 
53.b7 1-0

[Event "11th Reykjavik op"]
[Site "Reykjavik ISL"]
[Date "1984.02.19"]
[Round "5"]
[White "Bjarnason, Saevar"]
[Black "Wesseln, Kai"]
[Result "0-1"]
[WhiteElo "2375"]
[BlackElo "2350"]
[EventDate "1984.02.14"]
[PlyCount "70"]

1.e4 c5 2.Nf3 Nc6 3.d4 cxd4 4.Nxd4 g6 5.c4 Bg7 6.Be3 Nf6 7.Nc3 O-O 8.Be2 
d6 9.O-O Nxd4 10.Bxd4 Bd7 11.Qd3 a5 12.f4 Bc6 13.Bf3 Nd7 14.Be3 Nc5 15.Qc2
Qb6 16.Rab1 Qb4 17.Nd5 Bxd5 18.exd5 Rac8 19.Rfe1 b5 20.b3 bxc4 21.bxc4 Qa3
22.Bf2 Bf6 23.Rb5 Qd3 24.Rc1 Bd4 25.Rxa5 Ra8 26.Rxa8 Rxa8 27.g3 Rb8 28.
Bxd4 Qxd4+ 29.Kf1 Rb2 30.Rd1 Qf6 31.Qc1 Rxa2 32.Kg1 Nd3 33.Qe3 Nc5 34.Rd2 
Qa1+ 35.Kg2 Qc1 0-1

[Event "11th Reykjavik op"]
[Site "Reykjavik ISL"]
[Date "1984.02.19"]
[Round "5"]
[White "Burger, Karl"]
[Black "Bergmann, Throstur"]
[Result "1-0"]
[WhiteElo "2305"]
[BlackElo "2240"]
[EventDate "1984.02.14"]
[PlyCount "57"]

1.d4 Nf6 2.c4 e6 3.g3 c5 4.d5 exd5 5.cxd5 d6 6.Bg2 g6 7.Nc3 Bg7 8.Nf3 O-O 
9.O-O Re8 10.Nd2 a6 11.a4 Nbd7 12.h3 Rb8 13.Nc4 Ne5 14.Na3 Nh5 15.e4 Rf8 
16.Kh2 f5 17.f4 b5 18.axb5 axb5 19.Naxb5 fxe4 20.Bxe4 Bd7 21.Qe2 Qb6 22.
Na3 Rbe8 23.Qg2 g5 24.fxg5 Rxf1 25.Nc4 Qb3 26.Qxf1 Rf8 27.Qe2 Bb5 28.Qxh5 
Rf2+ 29.Kg1 1-0

[Event "11th Reykjavik op"]
[Site "Reykjavik ISL"]
[Date "1984.02.19"]
[Round "5"]
[White "Byrne, Robert"]
[Black "Hansson, Dan"]
[Result "1/2-1/2"]
[WhiteElo "2520"]
[BlackElo "2320"]
[EventDate "1984.02.14"]
[PlyCount "59"]

1.e4 c5 2.Nf3 d6 3.d4 cxd4 4.Nxd4 Nf6 5.Nc3 a6 6.Be2 e5 7.Nb3 Be7 8.O-O 
Be6 9.f4 Qc7 10.Nd5 Bxd5 11.exd5 Nbd7 12.c4 O-O 13.Be3 exf4 14.Rxf4 Ne5 
15.Rc1 Nfd7 16.Rf2 Rfe8 17.Bf1 Rac8 18.Nd4 g6 19.h3 Bh4 20.Rfc2 Qd8 21.Qd2
Nc5 22.Bh6 Qf6 23.b4 Ne4 24.Qf4 Nd3 25.Qxf6 Bxf6 26.Bxd3 Bxd4+ 27.Kh2 Be5+
28.Kg1 Bd4+ 29.Kh2 Be5+ 30.Kg1 1/2-1/2

[Event "11th Reykjavik op"]
[Site "Reykjavik ISL"]
[Date "1984.02.19"]
[Round "5"]
[White "Chandler, Murray Graham"]
[Black "Thorsteins, Karl"]
[Result "1-0"]
[WhiteElo "2515"]
[BlackElo "2375"]
[EventDate "1984.02.14"]
[PlyCount "85"]

1.e4 c5 2.Nf3 Nc6 3.d4 cxd4 4.Nxd4 Nf6 5.Nc3 d6 6.Bg5 e6 7.Qd2 Nxd4 8.Qxd4
Bd7 9.O-O-O Qa5 10.f4 Bc6 11.Bxf6 gxf6 12.Bc4 Rg8 13.f5 Qe5 14.Qf2 Rg4 15.
fxe6 fxe6 16.Kb1 Bg7 17.Be2 Rg6 18.Bf3 Kf8 19.Rd3 Qc5 20.Qe2 Rc8 21.Rhd1 
b5 22.e5 d5 23.Bh5 f5 24.Bxg6 hxg6 25.Qe3 Be8 26.Qxc5+ Rxc5 27.Re1 Rc4 28.
b3 Rg4 29.g3 b4 30.h3 Rg5 31.Ne2 Bxe5 32.Nf4 Bxf4 33.gxf4 Rg2 34.Rxe6 Bf7 
35.Ra6 Rf2 36.Rd4 Rf3 37.Rxa7 g5 38.fxg5 f4 39.Rxb4 Bg6 40.Rb8+ Be8 41.g6 
Re3 42.g7+ Kg8 43.Raa8 1-0

[Event "11th Reykjavik op"]
[Site "Reykjavik ISL"]
[Date "1984.02.19"]
[Round "5"]
[White "Christiansen, Larry"]
[Black "Ree, Hans"]
[Result "1/2-1/2"]
[WhiteElo "2550"]
[BlackElo "2480"]
[EventDate "1984.02.14"]
[PlyCount "69"]

1.d4 Nf6 2.c4 g6 3.Nc3 Bg7 4.e4 d6 5.f3 O-O 6.Be3 a6 7.Bd3 c5 8.dxc5 dxc5 
9.e5 Nfd7 10.f4 Nc6 11.Nf3 f6 12.e6 Nb6 13.Bxc5 Bxe6 14.Qe2 Bg4 15.Rd1 Nd7
16.Be4 Qa5 17.Ba3 Rfd8 18.O-O e5 19.Bxc6 bxc6 20.h3 Bxf3 21.Rxf3 f5 22.Be7
Re8 23.Rxd7 Rxe7 24.Rxe7 Qc5+ 25.Kh1 Qxe7 26.fxe5 Re8 27.Nd1 Bh6 28.Rd3 
Qxe5 29.Qxe5 Rxe5 30.Kg1 Kf7 31.Kf2 Ke7 32.Nc3 Bg7 33.b4 a5 34.a3 axb4 35.
axb4 1/2-1/2